000 00404nam a2200157Ia 4500
008 151213s9999 xx 000 0 und d
100 _aLeslie Cremul
245 _aBiomedical Instrumentation and Measurements
_cLeslie Cremul
250 _a2nd
260 _aNew Delhi
_bPearson Education
_c1980
300 _a8587 p.
650 _aE.E.E.
650 _ascience
700 _aLeslie Cremul
999 _c4394
_d4394